| 000 | 01018nam a22002295i 4500 | ||
|---|---|---|---|
| 001 | 163633 | ||
| 003 | ES-MaACL | ||
| 005 | 20230906212759.0 | ||
| 008 | 990701s1900 fr |||| | fre d | ||
| 040 |
_aGA _bspa _cCCPB | 3D |
||
| 100 | 0 |
_aRoberty, Eugène de. _997861 |
|
| 245 | 1 | 0 |
_aConstitution de l'éthique _b: quatrième essai sur la morale considerée comme sociologie élémentaire / _cpar E. de Roberty. |
| 260 |
_aParis : _bFélix Alcan, _c1900 ( _eCoulommiers : _fImp. Paul Brodard) |
||
| 300 |
_a223 p. ; _c19 cm. |
||
| 490 | 1 | _aL'éthique | |
| 490 | 1 | _aBibliothèque de philosophie contemporaine | |
| 752 |
_aFrancia - _dParís |
||
| 830 | 0 |
_aL'éthique _9222289 |
|
| 830 | 0 |
_aBibliothèque de philosophie contemporaine _9181027 |
|
| 852 |
_aES-MaACL _jF-11723 _z-- Enc. hol. conservando la cub. original _x-- Edic.: La serie son: (Bilbiothéque de philosophie contemporaine. L'éthique; 4), la primera consta en la cub. original, la segunda en port. y el nº en antep. |
||
| 999 |
_c163633 _d163633 |
||